| 000 | 00375pab a2200145 454500 | ||
|---|---|---|---|
| 008 | 180718b1990 xxu||||| |||| 00| 0 eng d | ||
| 100 | _aKhanduri, Chandra B. | ||
| 245 | _aAnalysis of the Kashmir problem and an approach to solution | ||
| 260 | _c1990 | ||
| 300 | _a619-44 | ||
| 362 | _aSept. | ||
| 650 | _aKashmir Problem | ||
| 773 | _aStrategic Analysis | ||
| 909 | _a12251 | ||
| 999 |
_c12251 _d12251 |
||